| 000 | 00000nam 2200000zi 4500 |
| 001 | 9.940581 |
| 003 | CaOODSP |
| 005 | 20240820082309 |
| 006 | m o d f |
| 007 | cr |n||||||||| |
| 008 | 240715s1972 onc o f000 0|fre d |
| 040 | |aCaOODSP|bfre|cCaOODSP|erda |
| 043 | |an-cnm-- |
| 086 | 1 |aRE22-55/1972F-PDF |
| 245 | 00|aServices d'ameĢnagement des ressources des Maritimes. |
| 264 | 1|a[Ottawa] : |bExpansion économique régionale = Regional Economic Expansion, |c[1972] |
| 300 | |a1 ressource en ligne ([2], 7 pages) |
| 336 | |atexte|btxt|2rdacontent/fre |
| 337 | |ainformatique|bc|2rdamedia/fre |
| 338 | |aressource en ligne|bcr|2rdacarrier/fre |
| 500 | |aÉdition numérisée de l'imprimé [par Innovation, Sciences et Développement économique Canada]. |
| 500 | |aPublié aussi en anglais sous le titre : Maritime resource management services. |
| 650 | 6|aRessources naturelles|zProvinces maritimes|xGestion. |
| 710 | 1 |aCanada. |bMinistère de l'expansion économique régionale, |eorganisme de publication. |
| 775 | 08|tMaritime resource management services.|w(CaOODSP)9.898435 |
| 856 | 40|qPDF|s303 Ko|uhttps://publications.gc.ca/collections/collection_2024/isde-ised/re22/RE22-55-1972-fra.pdf |